Music Quiz

Random Music or Song Quiz
Score 0/100 Timer 16:00
0 Plays Today
Three songs Artist % Correct
Jesus Walks, Stronger, HeartlessKanye West
89.6%
Ms. Jackson, Hey Ya, ATLiensOutkast
86.5%
Gettin Jiggy Wit It, Wild Wild West, Men in BlackWill Smith
85.8%
In Da Club, Candy Shop, I Get Money50 Cent
82.5%
My Name Is, Stan, Cleaning Out My ClosetEminem
81.2%
Ice Ice Baby, Ninja Rap, Play That Funky MusicVanilla Ice
77.8%
Crank That, Kiss Me Thru the Phone, Turn My Swag OnSoulja Boy
76.9%
What You Know, Whatever You Like, Rubberband ManT.I.
76.2%
Dead Presidents II, Hard Knock Life, H.O.V.A (Izzo)Jay-Z
73.7%
Juicy, Big Poppa, HypnotizeNotorious B.I.G.
73.2%
Lollipop, Mr. Carter, Prom QueenLil' Wayne
72.8%
U Can't Touch This, Too Legit To Quit, Addams GrooveMC Hammer
71.9%
Hot in Herre, Country Grammar, DilemmaNelly
69.9%
Best I Ever Had, Successful, ForeverDrake
69.1%
I'm N Luv (Wit A Stripper), Buy U A Drank (Shawty Snappin'), BartenderT-Pain
68.5%
Straight Outta Compton, F*** the Police, Express YourselfNWA
67.8%
The World Is Yours, One Mic, Hip Hop Is DeadNas
66.2%
Day N' Nite, Make Her Say, Pursuit of HappinessKid Cudi
65.8%
Gangsta's Paradise, Fantastic Voyage, 'Kenan and Kel' Theme SongCoolio
62.9%
Let Me Ride, Xxplosive, Ain't Nothing But a G ThangDr. Dre
62.2%
Low, Right Round, SugarFlo Rida
62.1%
AmeriKKKa's Most Wanted, It Was a Good Day, Check Yo SelfIce Cube
60.7%
Beautiful, What's My Name, Sensual SeductionSnoop Dogg
59.8%
Me Against the World, Ambitionz Az a Ridah, Hail Mary2pac
57.8%
What's Your Fantasy, Stand Up, Area CodesLudacris
57.4%
Lean Back, What's Luv, Make It RainFat Joe
57.2%
Because I Got High, Colt 45, Sell Your DopeAfroman
56.6%
Ridin', Turn It Up, Hip Hop PoliceChamillionaire
55.8%
Bad Boy 4 Life, All About The Benjamins, I'll Be Missing YouP. Diddy
55.3%
Hate It or Love It, How We Do, Dope BoysThe Game
54.5%
Get Ur Freak On, Work It, One Minute ManMissy Elliott
52.8%
Who We Be, We Right Here, Party Up (Up In Here)DMX
52.8%
Mama Said Knock You Out, Doin' It, I Need LoveLL Cool J
51.8%
Brass Monkey, Ch-Check It Out, SabotageBeastie Boys
49.4%
Three songs Artist % Correct
I Love College, Lark on my Go-Kart, As I EmAsher Roth
49.2%
King of Rock, It's Tricky, My AdidasRun-DMC
48.2%
I Luv It, I Put On, My PresidentYoung Jeezy
47.7%
Real Compton City G's, Boyz N the Hood, Neighborhood SniperEazy E
45.1%
Hustlin', The Boss, MagnificentRick Ross
44.4%
Fight the Power, 911 Is a Joke, Bring the NoisePublic Enemy
43.5%
Wait (The Whisper Song), Salt Shaker, BaddYing Yang Twins
42.8%
Ugly, Deliverance, Ms. New BootyBubba Sparxxx
42.3%
We Fly High (Ballin'), Baby Girl, Love Me No MoreJim Jones
40.7%
Shook Ones Pt. 2, Hell On Earth (Front Lines), Survival of the FittestMobb Deep
40.3%
Superstar, Daydreamin', Hip Hop Saved My LifeLupe Fiasco
40.3%
Raise Up, Freek-a-Leek, Show Me The MoneyPetey Pablo
37.1%
I Used to Love H.E.R., Testify, The CornerCommon
36.6%
Overnight Celebrity, Girl Tonite, WetterTwista
36.4%
O.P.P., Hip Hop Hooray, JamboreeNaughty By Nature
35.7%
Can't Deny It, Throw It in the Bag, BreatheFabolous
35.4%
Stay Fly, Where Is Da Bud, Hard Out Here For a PimpThree 6 Mafia
35.1%
#1 Stunna, Get Your Roll On, Still FlyBig Tymers
34.3%
Shimmy Shimmy Ya, Brooklyn Zoo, Got Your MoneyOl' Dirty Bastard
33.4%
Paid In Full, Follow the Leader, Don't Sweat the TechniqueRakim
32.6%
Who's That Girl, Let Me Blow Ya Mind, Gangsta Lovin'Eve
30.2%
Oh Boy, Hey Ma, Down and OutCam'Ron
30%
Cop Killer, O.G. Original Gangster, Lethal WeaponIce-T
29.6%
X, Multiply, Hey Now (Mean Muggin')Xzibit
29.4%
I'm Not a Player, Still Not a Player, It's So HardBig Pun
28.9%
Wasted, Stoopid, Freaky GurlGucci Mane
28.8%
Bawitdaba, Cowboy, American Bad*ssKid Rock
28.6%
Pump It Up, Fire, In My SleepJoe Budden
28.4%
Jump, Warm it Up, Tonite's tha NightKris Kross
27.1%
Grindin, Mr. Me Too, Kinda Like a Big DealThe Clipse
27.1%
Mr. Ice Cream Man, Make 'Em Say Uhhh, Hot Boys and GirlsMaster P
26.8%
Lean Wit It, Rock Wit It, White Tee, Turn HeadsDem Franchize Boyz
26.6%
Front, Back, Side to Side, International Player's Anthem, The Game Belongs to MeUGK
26.4%
Drink and My Two-Step, I'm a Hustla, HotelCassidy
26.2%
Three songs Artist % Correct
There It Go (The Whistle Song), Oh Yes, The Second ComingJuelz Santana
26.1%
Put Your Hands Where My Eyes Could See, Dangerous, Don't Touch Me (Throw the Water on 'Em)Busta Rhymes
25.9%
Chillin, Pretty Girls, Nike BootsWale
25.8%
Wipe Me Down, Zoom, Better Believe ItLil' Boosie
25.5%
Holla Holla, Put It On Me, MesmerizeJa Rule
25.4%
On Fire, I'm So Fly, Officer DownLloyd Banks
24.3%
Shut Up, Sugar, Trick Love the KidsTrick Daddy
24.1%
Sittin' Sidewayz, Break 'Em Off, Bizzy BodyPaul Wall
23.6%
Shake It Fast, Bouncin' Back, TarantulaMystikal
23.4%
Liquid Swords, Cold World, Paper PlatesGZA
23.2%
Definition, Ms. Fat Booty, What's BeefMos Def
22.9%
Knock Yourself Out, Why, Letter to B.I.G.Jadakiss
22.6%
Mind Playing Tricks on Me, Mind of a Lunatic, The World is a GhettoGeto Boys
22.2%
Tilt-A-Whirl, Chicken Huntin, Juggalo HomiesInsane Clown Posse
21.2%
Ice Cream, Criminology, House of Flying DaggersRaekwon
19.2%
I Get the Job Done, Smooth Operator, Ain't No Half-Steppin'Big Daddy Kane
19.1%
Put It On, Ebonics, FlamboyantBig L
19%
Smile, On My Block, No TearsScarface
18.7%
Baddest B**ch, B R Right, Here We GoTrina
17.9%
The Bridge Is Over, MC's Act Like They Don't Know, My PhilosophyKRS-One
17.7%
Theme Song (Hoggs on da Grind), Like a Boss, I RunSlim Thug
17.3%
Bring the Pain, I'll Be There For You, Release Yo DelfMethod Man
17.1%
Concrete Schoolyard, Quality Control, What's GoldenJurassic 5
15.4%
Ladies First, Black Hand Side, Wrath of My MadnessQueen Latifah
14.6%
You Gots to Chill, Strictly Business, So Wat Cha Sayin'EPMD
12.7%
Second Round Knock Out, Spartibus, Poet Laureate 2Canibus
12.5%
Mighty Healthy, Apollo Kids, The ChampGhostface Killah
11.9%
Fit But You Know It, Dry Your Eyes, Everything Is BorrowedThe Streets
9.9%
Cha Cha Cha, Paper-Thin, RuffneckMC Lyte
9.6%
Blow Your Mind, Whateva Man, Pick It UpRedman
8.6%
Beef Rap, Ballskin, Rhymes like DimesMF Doom
6.4%
Ill Street Blues, On The Run, Streets on New YorkKool G Rap
6.2%

You're not logged in!

Compare scores with friends on all Sporcle quizzes.
OR
Log In

Sporcle TV

Today on Sporcle TV


Watch our educational content, quiz creation guides, and fun videos on Sporcle TV.

Show Comments

Extras

Top Quizzes Today


Score Distribution

Paid Content

Your Account Isn't Verified!

In order to create a playlist on Sporcle, you need to verify the email address you used during registration. Go to your Sporcle Settings to finish the process.

Report this User

Report this user for behavior that violates our Community Guidelines.

Details: